100 Biggest Spanish-Speaking Cities - Statistics

General Stats
  • This quiz has been taken 88 times
  • The average score is 48 of 100
Answer Stats
Population City % Correct
16,224,000 Buenos Aires
100%
21,804,000 Mexico City
100%
11,166,000 Lima
97%
6,470,000 Madrid
97%
4,710,000 Barcelona
96%
7,876,000 Bogotá
96%
6,160,000 Santiago
96%
2,087,000 Caracas
94%
5,268,000 Guadalajara
94%
1,585,000 | 1,750,000 Valencia
92%
1,230,000 Seville
91%
5,341,000 Monterrey
90%
1,382,000 Montevideo
90%
1,763,000 Quito
88%
1,132,000 Panama City
87%
872,000 Bilbao
86%
923,000 Guatemala City
86%
750,000 La Paz
86%
2,752,000 Santo Domingo
86%
2,157,000 Tijuana
86%
512,000 Asunción
85%
1,453,000 San José
85%
2,553,000 Medellín
82%
1,705,000 Córdoba
81%
838,000 Malaga
77%
2,234,000 Cali
76%
1,429,000 Rosario
73%
1,132,000 Tegucigalpa
73%
736,000 Zaragoza
72%
1,055,000 Managua
71%
3,199,000 Puebla
69%
1,512,000 Juárez
68%
2,650,000 Guayaquil
65%
1,924,000 León
63%
1,322,000 Barranquilla
62%
934,000 Cancún
62%
931,000 Cartagena
62%
2,262,000 Maracaibo
62%
2,359,000 | 546,000 San Juan
60%
1,316,000 Mérida
59%
1,601,000 Santa Cruz
58%
988,000 Chihuahua
51%
713,000 Oaxaca
51%
514,000 Alicante
50%
553,000 Las Palmas
50%
901,000 Valparaíso
50%
852,000 Acapulco
49%
1,056,000 Mendoza
49%
620,000 Murcia
49%
1,125,000 Arequipa
47%
1,049,000 Mexicali
45%
1,271,000 San Luis Potosí
41%
665,000 Cochabamba
40%
939,000 Veracruz
40%
722,000 Concepción
38%
2,353,000 Toluca
38%
1,140,000 Aguascalientes
37%
1,025,000 Trujillo
37%
701,000 San Pedro Sula
36%
1,594,000 Querétaro
35%
1,089,000 Barquisimeto
33%
671,000 Salta
29%
936,000 Hermosillo
27%
688,000 Durango
26%
530,000 Santa Fe
26%
1,434,000 Torreón
24%
885,000 El Alto
23%
605,000 Bucaramanga
22%
1,031,000 Saltillo
21%
1,028,000 Cuernavaca
19%
1,003,000 Culiacán
19%
644,000 Mar del Plata
19%
1,052,000 Tucumán
19%
2,137,000 La Habana
18%
988,700 Morelia
17%
837,000 Reynosa
17%
789,000 Xalapa
17%
777,000 Cúcuta
15%
541,000 Matamoros
14%
927,000 Tampico
13%
893,000 Ciudad Guayana
12%
561,000 Ensenada
9%
546,000 Bello
8%
570,000 Tlaxcala
8%
848,000 Tuxtla Gutiérrez
8%
833,000 Villahermosa
8%
767,000 Celaya
5%
663,000 Chiclayo
5%
503,000 Ibagué
5%
665,000 Pachuca
5%
531,600 Villavicencio
5%
508,000 Maturín
4%
547,000 Piura
4%
521,000 Poza Rica
4%
621,000 Santiago de los Caballeros
4%
778,000 Soacha
4%
675,000 Soledad
4%
608,000 Canelones
1%
No matching quizzes found
Score Distribution
Percent of People with Each Score
Percentile by Number Answered
Your Score History
You have not taken this quiz